Полное собрание сочинений. Т. 11: Письма (Запись № 13631649)
[ простой вид ]
| 000 -МАРКЕР | |
|---|---|
| контрольное поле | 02217nam2a2200325 4500 |
| 001 - ИДЕНТИФИКАТОР ЗАПИСИ | |
| контрольное поле | rc\2967898 |
| 005 - ИДЕНТИФИКАТОР ВЕРСИИ | |
| контрольное поле | 20260315071558.0 |
| 035 ## - ДРУГИЕ СИСТЕМНЫЕ НОМЕРА | |
| Идентификатор записи | (NLR Aleph) 007214937 |
| 100 ## - ДАННЫЕ ОБЩЕЙ ОБРАБОТКИ | |
| Данные общей обработки | 20080228d1935 u y0rusy50 ca |
| 101 1# - ЯЗЫК РЕСУРСА | |
| Язык текста, звукозаписи и т.д. | русский |
| 102 ## - СТРАНА ПУБЛИКАЦИИ ИЛИ ПРОИЗВОДСТВА | |
| Страна публикации | Российская Федерация |
| 105 ## - ПОЛЕ КОДИРОВАННЫХ ДАННЫХ: ТЕКСТОВЫЕ МАТЕРИАЛЫ, МОНОГРАФИЧЕСКИЕ | |
| Кодированные данные о монографическом текстовом документе | ac z ||||| |
| 200 1# - ЗАГЛАВИЕ И СВЕДЕНИЯ ОБ ОТВЕТСТВЕННОСТИ | |
| Основное заглавие | Письма |
| Обозначение и номер части | Ч. 1 |
| Наименование части | (1816-1842) |
| Первые сведения об ответственности | Под общ. ред. Н.Я. Берковского, М.А. Лифшица и И.К. Луппола |
| Последующие сведения об ответственности | Пер. Е.М. Закс |
| -- | Ред. и комментарии Евг. Книпович |
| 210 ## - ПУБЛИКАЦИЯ, РАСПРОСТРАНЕНИЕ И ДР. | |
| Место издания, распространения и т.д. | Москва |
| -- | Ленинград |
| Имя издателя, распространителя и т. д. | Academia |
| Дата издания, распространения и т.д. | 1935 |
| Место изготовления | Ленинград |
| Имя изготовителя | Тип. "Печатный двор" |
| -- | тип. им. Лоханкова |
| 215 ## - ФИЗИЧЕСКАЯ ХАРАКТЕРИСТИКА | |
| Специфическое обозначение материала и объем | Супер-обл., переплет, IX, 533 с., с заставками, 8 вкл. л. ил., портр. |
| Другие сведения о физической характеристике | ил., портр. |
| Размеры | 20х14 см |
| 300 ## - ОБЩИЕ ПРИМЕЧАНИЯ | |
| Текст примечания | Супер-обл., переплет, фронтиспис, виньетки на тит. л. и заставки: Л.С. Хижинский |
| 461 #0 - УРОВЕНЬ НАБОРА | |
| Встроенное поле | 001rc\2967894 |
| -- | 2001#$aПолное собрание сочинений$eВ 12 томах. Т. 1-$fПод общей ред. Н.Я. Берковского и И.К. Луппола$vТ. 11 |
| -- | 700#1$aГейне$bГ.$gГенрих$f1797-1856 |
| Системный номер (АБИС) связанной записи | 7679923 |
| Автор | Гейне, Г. (1797-1856) |
| Место публикации | Москва |
| Дата публикации | 1938 |
| Первые сведения об ответственности | Под общей ред. Н.Я. Берковского и И.К. Луппола |
| Имя издателя, распространителя и т.д. | Гослитиздат |
| Сведения, относящиеся к заглавию | В 12 томах. Т. 1- |
| Заглавие | Полное собрание сочинений |
| Номер тома | Т. 11 |
| 702 #1 - ИМЯ ЛИЦА - ВТОРИЧНАЯ ОТВЕТСТВЕННОСТЬ | |
| Начальный элемент ввода | Берковский |
| Часть имени, кроме начального элемента ввода | Н.Я. |
| Даты | 1901-1972 |
| Расширение инициалов личного имени | Наум Яковлевич |
| Код отношения | Редактор |
| 702 #1 - ИМЯ ЛИЦА - ВТОРИЧНАЯ ОТВЕТСТВЕННОСТЬ | |
| Начальный элемент ввода | Лифшиц |
| Часть имени, кроме начального элемента ввода | М.А. |
| Код отношения | Редактор |
| 702 #1 - ИМЯ ЛИЦА - ВТОРИЧНАЯ ОТВЕТСТВЕННОСТЬ | |
| Код отношения | Редактор |
| Графика поля | Кириллица |
| Материалы, к которым относится поле | rus |
| Начальный элемент ввода | Луппол |
| Часть имени, кроме начального элемента ввода | И. К. |
| Дополнения к именам, кроме дат | д-р филос. наук |
| Даты | 1896-1943 |
| Расширение инициалов личного имени | Иван Капитонович |
| Системный номер авторитетной/нормативной записи | 208112 |
| Идентификатор авторитетной/нормативной записи | RU\NLR\AUTH\770208165 |
| 702 #1 - ИМЯ ЛИЦА - ВТОРИЧНАЯ ОТВЕТСТВЕННОСТЬ | |
| Начальный элемент ввода | Закс |
| Часть имени, кроме начального элемента ввода | Е.М. |
| Код отношения | Переводчик |
| 702 #1 - ИМЯ ЛИЦА - ВТОРИЧНАЯ ОТВЕТСТВЕННОСТЬ | |
| Начальный элемент ввода | Книпович |
| Часть имени, кроме начального элемента ввода | Е.Ф. |
| Расширение инициалов личного имени | Евгения Федоровна |
| Код отношения | Редактор |
| 702 #1 - ИМЯ ЛИЦА - ВТОРИЧНАЯ ОТВЕТСТВЕННОСТЬ | |
| Код отношения | Прочие |
| Графика поля | Кириллица |
| Материалы, к которым относится поле | rus |
| Начальный элемент ввода | Хижинский |
| Часть имени, кроме начального элемента ввода | Л. С. |
| Дополнения к именам, кроме дат | художник |
| Даты | 1896-1972 |
| Расширение инициалов личного имени | Леонид Семёнович |
| Системный номер авторитетной/нормативной записи | 232076 |
| Идентификатор авторитетной/нормативной записи | RU\NLR\AUTH\770232132 |
| 801 #0 - ИСТОЧНИК ЗАПИСИ | |
| Страна | Российская Федерация |
| Организация | NLR |
| Правила каталогизации | psbo |
| 801 #1 - ИСТОЧНИК ЗАПИСИ | |
| Страна | Российская Федерация |
| Организация | ELAR |
| Источник данных | rusmarc |
| 852 ## - МЕСТОНАХОЖДЕНИЕ И ШИФР ХРАНЕНИЯ | |
| Идентификатор организации | NLR |
| Наименование фонда или коллекции (Sub-Location Identifier) | Л |
| Шифр хранения (Call Number) | 60 В-3/208 |
| 852 ## - МЕСТОНАХОЖДЕНИЕ И ШИФР ХРАНЕНИЯ | |
| Идентификатор организации | NLR |
| Шифр хранения (Call Number) | 35-17/13(11) |
| 942 ## - ДОПОЛНИТЕЛЬНЫЕ ЭЛЕМЕНТЫ ЗАПИСИ (АБИС) | |
| Тип экземпляра АБИС | Неопределено |
| 980 ## - КОЛЛЕКЦИЯ | |
| Название коллекции | Национальная библиография |
Нет доступных экземпляров.